Análisis y elaboración de guía de implementación de planes de movilidad ciclista y seguridad vial para la GAM de Costa Rica
Uloženo v:
| Hlavní autor: | |
|---|---|
| Další autoři: | |
| Médium: | Kniha |
| Jazyk: | Spanish |
| Vydáno: |
San José, Costa Rica
2023
|
| Témata: | |
| Tagy: |
Přidat tag
Žádné tagy, Buďte první, kdo vytvoří štítek k tomuto záznamu!
|
MARC
| LEADER | 00000nam a2200000Ia 4500 | ||
|---|---|---|---|
| 003 | 013692 | ||
| 005 | 20230719081505.0 | ||
| 008 | 140116s2023 cr a 000 ||spa d | ||
| 040 | |c cru CEDI | ||
| 100 | |a Pérez Castrillo, Jay Steven, 1996- |9 970 | ||
| 245 | |a Análisis y elaboración de guía de implementación de planes de movilidad ciclista y seguridad vial para la GAM de Costa Rica | ||
| 260 | |a San José, Costa Rica |c 2023 | ||
| 500 | |a Proyecto de graduación (licenciatura en ingeniería civil)--Universidad de Costa Rica. Facultad de Ingeniería. Escuela de Ingeniería Civil. | ||
| 501 | |a Directora de Proyecto de Graduación: Ing. Diana Jiménez Romero, M.Sc. M.B.A. | ||
| 650 | |x TRANSPORTE URBANO - PLANIFICACION - GRAN AREA METROPOLITANA (COSTA RICA) |x SEGURIDAD VIAL - PLANIFICACION - GRAN AREA METROPOLITANA (COSTA RICA) |x CICLOVÍAS - GRAN AREA METROPOLITANA (COSTA RICA |x CICLISTAS - GRAN AREA METROPOLITANA (COSTA RICA) |x BICICLETAS | ||
| 700 | |9 238 |a Jiménez Romero, Diana María, 1972- |d Directora del TFG | ||
| 942 | |c CEDI |h TFG 8843 |6 TFG_8843_000000000000000 | ||
| 999 | |c 13288 |d 13288 | ||
